000 00435nam a22001577a 4500
003 URS
005 20220114172017.0
008 190713b xxu||||| |||| 00| 0 eng d
020 _a9789382036692
050 1 4 _aHD 1411
_bM687
100 1 _aMishra, Anant
_d2014-
_eAuthor
245 1 0 _aAgricultural marketing /
_cAnant Mishra.
264 1 _aNew Delhi :
_bBlack prints,
_c©2014.
300 _av,301p.
_bIllustration
_c22cm.
942 _2lcc
_cFR
999 _c15442
_d15442